| 000 | 00921nam a22002297a 4500 | ||
|---|---|---|---|
| 005 | 20250805155316.0 | ||
| 010 | _aB-768516-534 BACEN25 ENG-146355 | ||
| 020 |
_a9788173071720 _c895.00 |
||
| 035 | _aB-768516-534 | ||
| 035 | _aEN-129887 | ||
| 037 | _bPragati Publications | ||
| 037 | _bDBAD | ||
| 082 |
_a337.54051 _21 |
||
| 100 |
_aBhattacharyya, Abhijit _983796 |
||
| 245 |
_aChina in India/ _cby Abhijit Bhattacharyya |
||
| 250 | _a1 | ||
| 260 |
_aNew Delhi _bPragati Publications _c2018 |
||
| 270 |
_a4382/4B, Ansari Road, Darya Ganj _bNew Delhi _e110002 _k7533001061 _k7533001064 _k9811163639 |
||
| 300 |
_a363p.: _c23cm(Hb) |
||
| 942 |
_2ddc _cCH _mBHA _h337.54051 _e1 |
||
| 999 |
_c209560 _d209560 |
||